| 000 | 00507nam a2200181 a 4500 | ||
|---|---|---|---|
| 005 | 20140310183437.0 | ||
| 008 | 080206s19uu xx 00 eng d | ||
| 020 | _a978-1-84480-121-3 | ||
| 050 |
_aHF 5415.123 _b.Eg28 2007 |
||
| 100 | _aEgan, John | ||
| 245 |
_aMarketing communications. _cJohn Egan |
||
| 260 |
_aAustralia : _bThomson, _c2007. |
||
| 300 |
_a467 p. : _bcol., ill. ; _c28 cm. |
||
| 650 | _aCommunication in marketing. | ||
| 650 | _aAdvertising. | ||
| 942 |
_cBK _2lcc _kFOR |
||
| 999 |
_c22991 _d22991 |
||